|
|
|
|
| LEADER |
00000ny a22000003n 4500 |
| 005 |
2011062703143.0 |
| 006 |
m u |
| 007 |
cr cn||||||||| |
| 008 |
200508r2004 sp |||||s|||||||||||spa d |
| 020 |
|
|
|a 9788497724104
|
| 035 |
|
|
|a 637
|
| 040 |
|
|
|a FlNmELB
|c FlNmELB
|d vLex
|
| 050 |
1 |
4 |
|a K5000
|b P438 2004eb
|
| 080 |
|
|
|a 341
|
| 090 |
|
|
|c 1131
|d 1131
|
| 100 |
1 |
|
|a Perez-Prat Durban, Luis
|
| 245 |
1 |
3 |
|a La provincia del derecho internacional
|h [Recurso electrn̤ico]
|c Luis Perez-Prat Durban
|
| 256 |
|
|
|a Servicio en ln̕ea
|
| 260 |
|
|
|a Madrid :
|b Dykinson,
|c 2004
|
| 300 |
|
|
|a [7]-212 p
|
| 506 |
1 |
|
|a Contenido solo disponible en los productos indicados
|d vLex Global
|d vLex Global (Academic Edition, excluding Law Schools)
|d vLex Global (U.S. Academic Edition, Law Schools)
|d vLex Global (U.S. Academic Edition, excluding Law Schools)
|d vLex Global (Academic Edition, Law Schools)
|
| 650 |
0 |
7 |
|a Derecho internacional
|2 Tesauro vLex
|
| 650 |
0 |
7 |
|a Civil
|2 Tesauro vLex
|
| 740 |
0 |
|
|a vLex Libros (Servicios en ln̕ea)
|
| 856 |
4 |
0 |
|u http://vlex.com/source/637
|z Acceso restringido
|
| 942 |
|
|
|c BOOK
|